Jazmines de otoño (Record no. 89662)

MARC details
000 -LEADER
campo de control de longitud fija 00557nam a2200169 i 4500
001 - NÚMERO DE CONTROL
campo de control 89662
003 - IDENTIFICADOR DE NÚMERO DE CONTROL
campo de control ES-MaACL
005 - FECHA Y HORA DE LA ÚLTIMA TRANSACCIÓN
campo de control 20230906180237.0
007 - CAMPO FIJO DE DESCRIPCIÓN FÍSICA--INFORMACIÓN GENERAL
campo de control de longitud fija t|
008 - DATOS DE LONGITUD FIJA--INFORMACIÓN GENERAL
campo de control de longitud fija 050112s1913 sp ||||1| spa d
100 1# - ENTRADA PRINCIPAL--NOMBRE DE PERSONA
Nombre de persona Lasso de la Vega, Manuel F.
9 (RLIN) 70476
245 10 - MENCIÓN DEL TÍTULO
Título Jazmines de otoño
Resto del título : poesias /
Mención de responsabilidad, etc. Manuel F. Lasso de la Vega ; con unas impresiones de J. Muñoz San Román.
260 ## - PUBLICACIÓN, DISTRIBUCIÓN, ETC.
Lugar de publicación, distribución, etc. [S.l. :
Nombre del editor, distribuidor, etc. s.n.,
Fecha de publicación, distribución, etc. 1913] (
Lugar de fabricación/manufactura Cabra :
Fabricante Manuel Cordón)
300 ## - DESCRIPCIÓN FÍSICA
Extensión VI, 100 p. ;
Dimensiones 20 cm.
700 1# - ENTRADA AGREGADA--NOMBRE PERSONAL
Nombre de persona Muñoz San Román, José.
9 (RLIN) 84496
852 ## - LOCALIZACIÓN
Ubicación ES-MaACL
Número de control de estantería F-2482
Holdings
Estatus retirado Estado de pérdida Estado de daño No para préstamo Biblioteca de origen Biblioteca actual Ubicación en estantería Fecha de adquisición Fuente de adquisición Total de préstamos Signatura topográfica completa Código de barras Visto por última vez Precio de reemplazo Tipo de ítem Koha
        Biblioteca del Ateneo de Madrid Biblioteca del Ateneo de Madrid Depósito 2 17/01/2008     F-2482 1093640 23/02/2023 23/02/2023 Libro impreso